Working a Democratic Constitution (Record no. 10547)

MARC details
000 -LEADER
fixed length control field 00382nam a22001577a 4500
003 - CONTROL NUMBER IDENTIFIER
control field OSt
008 - FIXED-LENGTH DATA ELEMENTS--GENERAL INFORMATION
fixed length control field 210303b ||||| |||| 00| 0 eng d
020 ## - INTERNATIONAL STANDARD BOOK NUMBER
International Standard Book Number 9780195656107
100 ## - MAIN ENTRY--PERSONAL NAME
Personal name Austin, Granville
245 ## - TITLE STATEMENT
Title Working a Democratic Constitution
250 ## - EDITION STATEMENT
Edition statement 17th Imp.
260 ## - PUBLICATION, DISTRIBUTION, ETC. (IMPRINT)
Place of publication, distribution, etc New Delhi
Name of publisher, distributor, etc Oxford
Date of publication, distribution, etc 2020
300 ## - PHYSICAL DESCRIPTION
Extent 771
650 ## - SUBJECT ADDED ENTRY--TOPICAL TERM
Topical term or geographic name as entry element Political Science
942 ## - ADDED ENTRY ELEMENTS (KOHA)
Source of classification or shelving scheme Dewey Decimal Classification
Koha item type Text Books
Holdings
Withdrawn status Lost status Source of classification or shelving scheme Damaged status Not for loan Collection code Home library Current library Date acquired Source of acquisition Currency Cost, normal purchase price Bill Number Total Checkouts Acc. no. / Barcode Date last seen Actual Cost, discounted price Bill Date Koha item type
    Dewey Decimal Classification     B.A Hons. English PIET NCR College Library PIET NCR College Library 03/03/2021 Kirti Prakashan Indian Rup 745.00 IN1742   N844 03/03/2021 506.60 01/03/2021 Reference Books
    Dewey Decimal Classification     B.A Hons. English PIET NCR College Library PIET NCR College Library 03/03/2021 Kirti Prakashan Indian Rup 745.00 IN1742   N845 03/03/2021 506.60 01/03/2021 Text Books
    Dewey Decimal Classification     B.A Hons. English PIET NCR College Library PIET NCR College Library 03/03/2021 Kirti Prakashan Indian Rup 745.00 IN1742   N846 03/03/2021 506.60 01/03/2021 Text Books
    Dewey Decimal Classification     B.A Hons. English PIET NCR College Library PIET NCR College Library 03/03/2021 Kirti Prakashan Indian Rup 745.00 IN1742   N847 03/03/2021 506.60 01/03/2021 Text Books
    Dewey Decimal Classification     B.A Hons. English PIET NCR College Library PIET NCR College Library 03/03/2021 Kirti Prakashan Indian Rup 745.00 IN1742   N848 03/03/2021 506.60 01/03/2021 Text Books

Design & Developed by: PIET Central Library
R70 Miles Stone Pattikalyana Samalkha Panipat 132102
mail ID :- [email protected], Phone No:- 0180-2569700 Ex.216